名字与水果相关的县区 Counties with fruits in their names - Statistics

General Stats
  • This quiz has been taken 96 times
    93 since last reset
  • The average score is 19 of 29
Answer Stats
地级行政区 县区 % Correct
湖北省直辖 仙桃市
95%
德宏傣族景颇族自治州 芒市
86%
黄冈市 黄梅县
81%
酒泉市 瓜州县
81%
广州市 荔湾区
79%
襄阳市 枣阳市
79%
梅州市 梅县区
75%
常德市 桃源县
74%
青岛市 李沧区
73%
百色市 平果市
70%
渭南市 大荔县
68%
伊犁哈萨克自治州 霍尔果斯市
68%
鸡西市 梨树区
67%
四平市 梨树县
67%
宁德市 蕉城区
66%
桂林市 荔浦市
64%
通化市 梅河口市
62%
太原市 杏花岭区
60%
莆田市 荔城区
60%
衡水市 枣强县
59%
梅州市 蕉岭县
58%
梅州市 梅江区
52%
衡水市 桃城区
51%
黔南布依族苗族自治州 荔波县
51%
益阳市 桃江县
48%
昌都市 芒康县
47%
齐齐哈尔市 梅里斯达斡尔族区
45%
七台河市 桃山区
38%
铜仁市 松桃苗族自治县
38%
No matching quizzes found
Score Distribution
Percent of People with Each Score
Percentile by Number Answered
Your Score History
You have not taken this quiz since the last reset